书目信息 |
| 题名: |
漫话草原上的佛教传播与召庙建筑
|
|
| 作者: | 田宏利, 编著 | |
| 分册: | ||
| 出版信息: | 呼和浩特 内蒙古人民出版社 2019.01 |
|
| 页数: | 201页 | |
| 开本: | 21cm | |
| 丛书名: | 草原民俗风情漫话 | |
| 单 册: | ||
| 中图分类: | B949.2 , TU-098.3 , TU-098.3 | |
| 科图分类: | ||
| 主题词: | 蒙古族--meng gu zu--佛教史--介绍--中国 , 喇嘛宗--la ma zong--宗教建筑--介绍--中国 , 建筑史 | |
| 电子资源: | ||
| ISBN: | 978-7-204-15231-5 | |
| 000 | 01368nam 2200325 450 | |
| 001 | CAL 0120192702114 | |
| 005 | 20191125093415.56 | |
| 010 | @a978-7-204-15231-5@dCNY36.00 | |
| 100 | @a20190319d2019 em y0chiy50 ea | |
| 101 | 0 | @achi |
| 102 | @aCN@b150000 | |
| 105 | @aa a 000yy | |
| 106 | @ar | |
| 200 | 1 | @a漫话草原上的佛教传播与召庙建筑@Aman hua cao yuan shang de fo jiao chuan bo yu zhao miao jian zhu@f田宏利编著@Ftian hong li bian zhu |
| 210 | @a呼和浩特@c内蒙古人民出版社@d2019.01 | |
| 215 | @a201页@c彩图@d21cm | |
| 225 | 2 | @a草原民俗风情漫话@Acao yuan min su feng qing man hua |
| 314 | @a田宏利, 中共党员, 中国铁路作家协会会员, 内蒙古作家协会会员等。 | |
| 320 | @a有书目 (第201页) | |
| 330 | @a全书概述佛教在草原上的发展历史, 蒙元时期统治者与藏传佛教的接触, 明帝国时期阿勒坦汗在草原上大力推崇佛教和兴建召庙的过程, 清王朝对草原佛教及召庙地位的重视, 草原上召庙的分布, 规模, 建筑特点, 建筑风格, 召庙文化以及佛教和召庙文化在蒙古民族社会生活中的的重要作用和重要影响。 | |
| 410 | 0 | @12001 @a草原民俗风情漫话 |
| 606 | 0 | @a蒙古族@Ameng gu zu@x佛教史@x介绍@y中国 |
| 606 | 0 | @a喇嘛宗@Ala ma zong@x宗教建筑@x介绍@y中国 |
| 606 | 0 | @a建筑史 |
| 690 | @aB949.2@v5 | |
| 690 | @aTU-098.3@v5 | |
| 690 | @aTU-098.3@v4 | |
| 701 | 0 | @a田宏利,@Atian hong li@f1971-@4编著 |
| 801 | 0 | @aCN@c20190319 |
| 905 | @a河南城建学院图书馆@dTU-098.3@eT623@f2 | |
| 漫话草原上的佛教传播与召庙建筑/田宏利编著.-呼和浩特:内蒙古人民出版社,2019.01 |
| 201页:彩图;21cm.-(草原民俗风情漫话) |
| ISBN 978-7-204-15231-5:CNY36.00 |
| 全书概述佛教在草原上的发展历史, 蒙元时期统治者与藏传佛教的接触, 明帝国时期阿勒坦汗在草原上大力推崇佛教和兴建召庙的过程, 清王朝对草原佛教及召庙地位的重视, 草原上召庙的分布, 规模, 建筑特点, 建筑风格, 召庙文化以及佛教和召庙文化在蒙古民族社会生活中的的重要作用和重要影响。 |
| ● |
| 相关链接 |
|
|
|
正题名:漫话草原上的佛教传播与召庙建筑
索取号:TU-098.3/T623
 
预约/预借
| 序号 | 登录号 | 条形码 | 馆藏地/架位号 | 状态 | 备注 |
| 1 | 1414454 | 214144549 | 建筑库101/101建筑库 9排2列1层/ [索取号:TU-098.3/T623] | 在馆 | |
| 2 | 1414455 | 214144558 | 建筑库101/101建筑库 9排2列1层/ [索取号:TU-098.3/T623] | 在馆 |